Ciudades Sede de Mundiales de Fútbol de la FIFA - Estadísticas

Estadísticas generales
  • Esta prueba ha sido intentada 757 veces
  • La puntuación promedio es 61 de 173
Respuestas en el mapa
Las respuestas están codificadas por una escala verde-roja en el mapa de la prueba según el % correcto abajo.
 
Estadísticas de respuestas
Mundial/es País Ciudad % Correcto
1982 España Madrid
90%
1982 España Barcelona
88%
1934-1990 Italia Roma
87%
1978 Argentina Buenos Aires
84%
1938-1998 Francia París
84%
1970-1986-2026 México Ciudad de México
82%
1930 Uruguay Montevideo
81%
1982 España Sevilla
81%
1962 Chile Santiago
80%
1934-1990 Italia Milán
79%
1982 España Valencia
79%
2018 Rusia Moscú
78%
1950-2014 Brasil Río de Janeiro
78%
1966 Inglaterra Londres
77%
1974-2006 Alemania Berlín
76%
1994-2026 Estados Unidos Nueva York
76%
2014 Brasil Brasilia
73%
2026 Estados Unidos Miami
73%
1934-1990 Italia Nápoles
73%
1994-2026 Estados Unidos Los Ángeles
71%
1938-1998 Francia Marsella
71%
1950-2014 Brasil Sao Paulo
71%
1966 Inglaterra Manchester
70%
1982 España Bilbao
69%
2002 Corea del Sur Seúl
69%
1934-1990 Italia Turín
68%
1982 España Málaga
66%
1974-2006 Alemania Múnich
66%
1966 Inglaterra Liverpool
65%
1978 Argentina Cordoba
63%
1998 Francia Lyon
63%
1958 Suecia Solna
63%
1982 España Vigo
59%
1982 España Zaragoza
58%
1970-1986-2026 México Guadalajara
57%
2010 Sudáfrica Johanesburgo
55%
1986-2026 México Monterrey
55%
1954 Suiza Berna
54%
1978 Argentina Rosario
54%
1994-2026 Estados Unidos San Francisco
54%
2018 Rusia San Petersburgo
54%
1994 Estados Unidos Washington
54%
1934-1990 Italia Florencia
53%
1982 España Valladolid
52%
1982 España Alicante
51%
1994 Estados Unidos Chicago
51%
2010 Sudáfrica Ciudad del Cabo
51%
2022 Qatar Doha
51%
1974-2006 Alemania Hamburgo
50%
2026 Estados Unidos Seattle
49%
1994 Estados Unidos Orlando
48%
1990 Italia Palermo
48%
1982 España Gijón
47%
1982 España Oviedo
47%
1938-1998 Francia Bordeaux
46%
1974-2006 Alemania Dortmund
46%
2026 Canadá Toronto
46%
1954 Suiza Zúrich
46%
1994-2026 Estados Unidos Boston
45%
1994-2026 Estados Unidos Dallas
45%
1966 Inglaterra Birmingham
44%
1982 España La Coruña
44%
1978 Argentina Mendoza
44%
2026 Estados Unidos Houston
43%
1958 Suecia Malmö
42%
2010 Sudáfrica Pretoria
42%
2026 Estados Unidos Atlanta
41%
2026 Canadá Vancouver
41%
1938 Francia Lille
40%
1938-1998 Francia Toulouse
40%
2006 Alemania Colonia
39%
1934-1990 Italia Génova
39%
1998 Francia Nantes
39%
2002 Japón Osaka
39%
1950-2014 Brasil Porto Alegre
37%
1974-2006 Alemania Frankfurt
36%
1990 Italia Bari
35%
2014 Brasil Manaos
35%
1970-1986 México León
34%
1950-2014 Brasil Belo Horizonte
33%
1934-1990 Italia Bolonia
33%
1990 Italia Cagliari
33%
1994 Estados Unidos Detroit
33%
1982 España Elche
33%
1978 Argentina Mar del Plata
33%
1938 Francia Estrasburgo
32%
2026 Estados Unidos Filadelfia
32%
2014 Brasil Fortaleza
32%
1998 Francia Montpellier
32%
1950-2014 Brasil Recife
32%
1970-1986 México Puebla
31%
1950-2014 Brasil Coritiba
30%
1954 Suiza Ginebra
30%
2006 Alemania Leipzig
30%
1974-2006 Alemania Stuttgart
30%
1974 Alemania Düsseldorf
28%
2018 Rusia Kaliningrado
28%
2018 Rusia Sochi
28%
1962 Chile Viña del Mar
28%
1954 Suiza Basilea
27%
2018 Rusia Kazán
27%
1990 Italia Verona
26%
2026 Estados Unidos Kansas City
25%
2014 Brasil Salvador
25%
1958 Suecia Gotemburgo
23%
1974-2006 Alemania Hannover
23%
1970-1986 México Toluca
23%
2002 Japón Yokohama
23%
2002 Corea del Sur Busan
22%
2006 Alemania Nürenberg
22%
2010 Sudáfrica Durban
21%
2002 Japón Sapporo
21%
2022 Qatar Al Dayeen/Lusail
20%
2018 Rusia Ekaterimburgo
20%
1990 Italia Udine
20%
2010 Sudáfrica Bloemfontein
19%
1986 México Querétaro
19%
2018 Rusia Rostov
19%
1934 Italia Trieste
18%
2018 Rusia Volgogrado
18%
1962 Chile Arica
17%
2014 Brasil Natal
17%
1974-2006 Alemania Gelsenkirchen
16%
1998 Francia Lens
15%
2010 Sudáfrica Puerto Elizabeth
15%
1998 Francia Saint-Denis
15%
1998 Francia Saint Étienne
15%
1966 Inglaterra Sheffield
15%
2002 Japón Kobe
14%
2018 Rusia Samara
14%
1966 Inglaterra Sunderland
14%
1954 Suiza Lausana
13%
1938 Francia Le Havre
13%
1954 Suiza Lugano
13%
2014 Brasil Cuiabá
11%
1962 Chile Rancagua
10%
2002 Japón Saitama
10%
1966 Inglaterra Middlesbrough
9%
2018 Rusia Nizhny Novgórod
9%
1986 México Irapuato
8%
2006 Alemania Kaiserslautern
8%
2002 Corea del Sur Daegu
7%
2002 Corea del Sur Incheon
7%
2010 Sudáfrica Polokwane
6%
2002 Corea del Sur Ulsan
6%
2022 Qatar Al Rayyan
5%
1958 Suecia Eskilstuna
5%
2002 Japón Miyagi
5%
2010 Sudáfrica Nelspruit
5%
1958 Suecia Örebro
5%
2010 Sudáfrica Rustenburgo
5%
2018 Rusia Saransk
5%
2022 Qatar Al Khor
4%
1938 Francia Antibes
4%
2002 Japón Niigata
4%
2002 Japón Oita
4%
2002 Corea del Sur Seogwipo
4%
1958 Suecia Västerås
4%
2022 Qatar Al Wakrah
3%
1938 Francia Colombes
3%
2002 Corea del Sur Daejeon
3%
2002 Corea del Sur Gwangju
3%
1958 Suecia Halmstad
3%
1958 Suecia Helsingborg
3%
2002 Corea del Sur Jeonju
3%
1986 México Nezahualcoyótl
3%
1958 Suecia Norrköping
3%
2002 Japón Shizuoka
3%
2002 Corea del Sur Suwon
3%
1958 Suecia Borås
2%
2002 Japón Ibaraki
2%
1958 Suecia Sandviken
2%
1958 Suecia Uddevalla
2%
No se encontraron pruebas coincidentes
Distribución de puntuación
Porcentaje de gente con cada puntuación
Porcentaje por número respondido
Historial de tus puntuaciones
No has intentado esta prueba.